00858nam a2200265Ia 4500001000900000003000500009005001700014008004100031010001100072040000900083082001300092100004500105245008600150260004200236300001000278500001500288650001500303650002900318901001300347902000600360905006300366942001500429999001900444952012900463dia_3232CHAP20230327101637.0220117s1999 xx 000 0 und d a173731 cCHAP a543.3 R6 aRodriguez Mellado, José Miguel9154371 aFisicoquímica de Aguas /c por J. M. Rodriguez Mellado y Rafael Marin Gálvan aMadrid, España, Díaz Santosc1999 a466 P aINV.214923 aAgua92222 aAguaxAnalísis 92280 a543.3 R6 aM a0000001999 MADX 0000000000 00 cLIBRO2ddc c173731d173731 00102ddc40708GRALaIA_bIA_d2022-01-18f1l1o543.3 R6pdia_5218r2024-11-04 18:26:40s2024-11-04t1w2022-01-18yLIBRO